Statistiques concernant Meilleurs buteurs de Ligue 1 par saison

Cliquez ici pour prendre le quiz!

Statistiques générales

  • Ce quiz a été pris 127 fois
  • Le résultat moyen est 22 sur 30

Statistiques - réponses

Saison Joueur Club Buts % Correct
2017-18Edinson CavaniParis Saint-Germain28
100%
2015-16Zlatan IbrahimovicParis Saint-Germain38
100%
2011-12Olivier GiroudMontpellier HSC21
95%
2014-15Alexandre LacazetteOlympique Lyonnais27
92%
2008-09André-Pierre GignacToulouse FC24
87%
2006-07Pedro Miguel PauletaParis Saint-Germain15
87%
1991-92Jean-Pierre PapinOlympique de Marseille27
85%
2007-08Karim BenzemaOlympique Lyonnais20
80%
2003-04Djibril CisséAJ Auxerre26
80%
2010-11Moussa SowLille OSC25
78%
2000-01Sonny AndersonOlympique Lyonnais22
70%
2009-10Mamadou NiangOlympique de Marseille18
69%
1997-98Stéphane Guivarc'hAJ Auxerre21
65%
1994-95Patrice LokoFC Nantes22
64%
2004-05Alexander FreiStade Rennais20
62%
2002-03Shabani NondaAS Monaco26
61%
1998-99Sylvain WiltordGirondins de Bordeaux22
57%
1993-94Nicolas OuédecFC Nantes20
35%
1992-93Alen BoksicOlympique de Marseille23
32%
1993-94Youri DjorkaeffAS Monaco20
28%
1993-94Roger BoliRC Lens20
27%

Distribution des résultats

Percentile par nombre de réponses

% des personnes avec chaque résultat

Votre développement - résultats

Vous n’avez pas pris ce quiz